|
|
|
|
| LEADER |
00000cam a2200000 a 4500 |
| 001 |
14161 |
| 003 |
CZ-ZlUTB |
| 005 |
20190825233125.0 |
| 008 |
950218s1968 xr a f f 001 0 cze d |
| 040 |
|
|
|a ZLD002
|b cze
|c ZLD002
|d ZLD002
|
| 072 |
|
7 |
|a 543
|x Analytická chemie
|2 Konspekt
|9 10
|
| 080 |
|
|
|a 547-145.82
|2 MRF
|
| 080 |
|
|
|a 543
|2 MRF
|
| 080 |
|
|
|a 543.061
|2 MRF
|
| 080 |
|
|
|a (035)
|2 MRF
|
| 100 |
1 |
|
|a Šedivec, Václav,
|d 1921-
|7 jk01122663
|4 aut
|
| 245 |
1 |
0 |
|a Příručka analýzy organických rozpouštědel /
|c Václav Šedivec, Jan Flek
|
| 260 |
|
|
|a Praha :
|b SNTL,
|c 1968
|
| 300 |
|
|
|a 386 s. :
|b il. ;
|c 21 cm
|
| 504 |
|
|
|a Obsahuje bibliografii a rejstřík
|
| 650 |
0 |
7 |
|a organická rozpouštědla
|7 ph115601
|2 czenas
|
| 650 |
0 |
7 |
|a chemická analýza
|7 ph114232
|2 czenas
|
| 650 |
0 |
7 |
|a kvalitativní analýza
|7 ph115044
|2 czenas
|
| 650 |
0 |
9 |
|a organic solvents
|2 eczenas
|
| 650 |
0 |
9 |
|a chemical analysis
|2 eczenas
|
| 650 |
0 |
9 |
|a qualitative analysis
|2 eczenas
|
| 655 |
|
7 |
|a příručky
|7 fd133209
|2 czenas
|
| 655 |
|
9 |
|a handbooks, manuals, etc
|2 eczenas
|
| 700 |
1 |
|
|a Flek, Jan
|7 utb2010586214
|4 aut
|
| 910 |
|
|
|a ZLD002
|
| 952 |
|
|
|0 0
|1 0
|4 0
|6 543ŠEDIVECV
|7 0
|8 BOOK
|9 24090
|a UTBZL
|b UTBZL
|c 006
|d 2006-07-29
|i 74254
|l 6
|o 543/ŠEDIVEC,V.
|p 420010074254
|r 2019-09-05 00:00:00
|v 37.00
|w 2019-08-25
|x 20100831
|y 04
|
| 952 |
|
|
|0 0
|1 0
|4 0
|6 543ŠEDIVECV
|7 0
|8 BOOK
|9 24093
|a UTBZL
|b UTBZL
|c 030
|d 2006-07-29
|i 45280
|l 1
|o 543/ŠEDIVEC,V.
|p 420010025901
|r 2019-08-25 00:00:00
|w 2019-08-25
|x N:převod z FT Mokrejš 10.4.2015; | 20100930
|y 05
|
| 952 |
|
|
|0 0
|1 0
|4 0
|6 543ŠEDIVECV
|7 0
|8 BOOK
|9 24094
|a UTBZL
|b UTBZL
|c 030
|d 2010-07-14
|l 0
|o 543/ŠEDIVEC,V.
|p 420010133066
|r 2019-08-25 00:00:00
|v 37.00
|w 2019-08-25
|x N:převod-SPUR; | 20100831
|y 05
|
| 990 |
|
|
|a SPUR
|
| 992 |
|
|
|a BK
|b SK
|c SPUR
|d 8
|
| 999 |
|
|
|c 14161
|d 14161
|